Perpsektívy námornej dopravy v Arktíde - Severná morská cesta
Definovanie Severnej morskej cesty (NSR) na základe legislatívy Ruskej federácie. Pravidlá plavby na NSR. Analýza najdôležitejších faktorov, ktoré majú vplyv na atraktivitu a využívanie NSR v porovnaní s inými námornými trasami.
Salvato in:
| Autore principale: | |
|---|---|
| Natura: | Capitolo di libro |
| Lingua: | slovacco |
| Soggetti: | |
| Tags: |
Nessun Tag, puoi essere il primo ad aggiungerne!!
|
MARC
| LEADER | 00000nla a2200000 4500 | ||
|---|---|---|---|
| 001 | 0236327 | ||
| 005 | 20240502073825.7 | ||
| 041 | 0 | |a slo | |
| 044 | |a SK | ||
| 245 | 1 | 0 | |a Perpsektívy námornej dopravy v Arktíde - Severná morská cesta |c Dorota Harakaľová |
| 520 | |a Definovanie Severnej morskej cesty (NSR) na základe legislatívy Ruskej federácie. Pravidlá plavby na NSR. Analýza najdôležitejších faktorov, ktoré majú vplyv na atraktivitu a využívanie NSR v porovnaní s inými námornými trasami. | ||
| 610 | 2 | 0 | |a doprava námorná |
| 610 | 2 | 0 | |a preprava |
| 610 | 2 | 0 | |a obchod zahraničný |
| 610 | 2 | 0 | |a legislatíva |
| 610 | 2 | 0 | |a geografia |
| 610 | 2 | 0 | |a zmeny klimatické |
| 610 | 2 | 0 | |a Rusko |
| 610 | 2 | 0 | |a svet |
| 100 | 1 | |a Harakaľová, Dorota, 1989- | |